000
00326nam a2200133Ia 4500
008
100328s9999 xx 000 0 und d
082
_b
17479
100
_a
गुलजार
245
_a
मौसम
260
_b
शिक्षा भारती
630
_a
मौसम
730
_a
मौसम
942
_c
BOOK
999
_c
512050
_d
512047